Normal view
MARC view
- BRUCE COLE,ADELHEID GEALT
Entry Personal Name
001 - CONTROL NUMBER
- control field: 132208
003 - CONTROL NUMBER IDENTIFIER
- control field: NUST
005 - DATE AND TIME OF LATEST TRANSACTION
- control field: 20251208120034.0
008 - FIXED-LENGTH DATA ELEMENTS
- fixed length control field: 251208|| aca||aabn | a|a d
040 ## - CATALOGING SOURCE
- Original cataloging agency: NUST
- Transcribing agency: NUST
100 ## - HEADING--PERSONAL NAME
- Personal name: BRUCE COLE,ADELHEID GEALT
670 ## - SOURCE DATA FOUND
- Source citation: Work cat.: (NUST): BRUCE COLE,ADELHEID GEALT. , ART OF THE WESTERN WORLD /, 1989.
